000 00526nam a2200169Ia 4500
008 090201s9999 xx 000 0 und d
010 _aKPL-45207
040 _bमराठी
041 _aमराठी
082 _a11158
_b45207
100 _aसुरेश वैद्य
245 _aबंदीनी
_cसुरेश वैद्य
260 _c2004
_bशब्द सन्मान प्रकाशन पुणे
300 _a212
_bमोठा
600 _aबंदीनी
942 _cBOOK
999 _c211560
_d211560